Najpopularniejsze piosenki Zeamsone - Statystyki

Ogólne statystyki
  • Ten quiz został rozwiązany 10 razy
  • Średni wynik to 10 z 16
Statystyki odpowiedzi
Wyświetlenia (mln) Tytuł % Poprawnych
66 5 INFLUENCEREK
100%
10 7 DAM
89%
37 bb
89%
9,2 21 gramów
78%
16 ABCD (ft. White 2115)
78%
7,1 rosegold
78%
17 Ballada
67%
7,9 San Andreas
67%
13 Jedna Noc
56%
11 Everest (ft. Gedz)
44%
13 Kurtki bomberki (ft. Mirak)
44%
7,3 Nie Interesuje
44%
11 Koleżanki
33%
6,1 Liczby (ft. Vitali)
33%
9,8 Thrasher
33%
5,5 SPORT (ft. Young Igi)
22%
Nie znaleziono quizów pasujących do podanych kryteriów
Rozkład punktacji
Procent ludzi z każdym wynikiem
Percentyl według liczby udzielonych odpowiedzi
Twoja historia wyników
Nie rozwiązałeś tego quizu